លក្សី្មមិនអាចរត់ និងលោតបានតែ... Leaksmee cannot run and jump, yet... / (Record no. 1357)

MARC details
000 -LEADER
fixed length control field 02649nam a22002777a 4500
005 - DATE AND TIME OF LATEST TRANSACTION
control field 20250528095456.0
020 ## - INTERNATIONAL STANDARD BOOK NUMBER
International Standard Book Number 9789924340072
040 ## - CATALOGING SOURCE
Original cataloging agency FISKH
Language of cataloging eng
Transcribing agency FISKH
Modifying agency FISKH
082 ## - DEWEY DECIMAL CLASSIFICATION NUMBER
Edition number 371.91
100 ## - MAIN ENTRY--PERSONAL NAME
Personal name Geystelen, Judit Van
245 ## - TITLE STATEMENT
Title លក្សី្មមិនអាចរត់ និងលោតបានតែ... Leaksmee cannot run and jump, yet... /
Statement of responsibility, etc. គំនិតផ្ដួចផ្ដើម និងរៀបរៀងអត្ថបទ Project Initiative and Text Judit van Geystelen - រូបថត Photography Ung Nita - បកប្រែពីភាសាអង់គ្លេសដោយ អ៊ូច សូលីដា Translation from English by Ouch Solida
250 ## - EDITION STATEMENT
Edition statement បោះពុម្ពលើកទី ៤ ខែមិថុនា​ ឆ្នាំ ២០២២
260 ## - PUBLICATION, DISTRIBUTION, ETC.
Place of publication, distribution, etc. Phnom Penh :
Name of publisher, distributor, etc. Sipar,
Date of publication, distribution, etc. 2022.
300 ## - PHYSICAL DESCRIPTION
Extent 31 pages :
Other physical details color illustrations ;
Dimensions 18 x 25 cm
505 ## - FORMATTED CONTENTS NOTE
Formatted contents note P <br/>
520 ## - SUMMARY, ETC.
Summary, etc. លក្ស្មីមានអាយុ ៨ឆ្នាំ ហើយរស់នៅប្រទេសកម្ពុជា។ នាងចូលចិត្តលេងជាមួយប្អូនៗ និងមិត្តភក្ដិនៅសាលាណាស់។ ពេលនាងធំឡើង នាងចង់ក្លាយជាអ្នករចនាម៉ូតម្នាក់! ដូចជាក្មេងដ៏ទៃដែរ លក្ស្មីមានភាពរីករាយក្នុងជិវីត និងមានក្ដីសង្ឃឹមអំពីអនាគតរបស់នាង។ ប៉ុន្តែ លក្ស្មីមានអ្វីដែលខុសគេ គឺនាងរស់នៅជាមួយនឹងពិការភាព ហើយនាងមិនអាចគ្រប់គ្រងចលនានាងបានឡើយ។
520 ## - SUMMARY, ETC.
Summary, etc. Leaksmee is 8 years old and lives in Cambodia. She likes to play with her little sisters and her friends at school. When grow up she would like to become a fashion designer! Like most children of her age, leaksmee enjoys life and has dream about her future. Yet, something is different about Leaksmee. She lives with a disability, she cannot control her movements smoothly.
521 ## - TARGET AUDIENCE NOTE
Target audience note 600 <br/>
Source Lexile estimate <br/>
521 ## - TARGET AUDIENCE NOTE
Target audience note P <br/>
Source Raz-Plus <br/>
650 ## - SUBJECT ADDED ENTRY--TOPICAL TERM
Topical term or geographic name entry element ពិការភាព
Form subdivision ក្ដីសុបិន្ត
General subdivision មិនអាចគ្រប់គ្រង
Chronological subdivision
650 ## - SUBJECT ADDED ENTRY--TOPICAL TERM
Topical term or geographic name entry element Disability
Form subdivision Dream
General subdivision Cannot control
700 ## - ADDED ENTRY--PERSONAL NAME
Personal name Nita, Ung
Titles and other words associated with a name illustrator
700 ## - ADDED ENTRY--PERSONAL NAME
Personal name Solida, Ouch
Titles and other words associated with a name Translator
942 ## - ADDED ENTRY ELEMENTS (KOHA)
Source of classification or shelving scheme Dewey Decimal Classification
Koha item type Books
Suppress in OPAC No
999 ## -
-- 1357
-- 1357
Holdings
Withdrawn status Lost status Source of classification or shelving scheme Damaged status Not for loan Collection Home library Current library Shelving location Date acquired Total Checkouts Full call number Barcode Date last seen Copy number Price effective from Koha item type
    Dewey Decimal Classification     Khmer-English Bilingual / ភាសាខ្មែរ-អង់គ្លេស Footprints International School Library Network Toul Kork Campus Footprints International School Library Network Toul Kork Campus TK Campus, Room B402, Khmer Book Case 16, Shelves 112-123 / ទូរសៀវភៅខ្មែរលេខ ១៦​ ធ្នើរ ១១២ ដល់ ១២៣ បន្ទប់ B402 សាខាទួលគោក 08/21/2023   GEY 371.91 2023-0298 08/21/2023 1 08/21/2023 Books
    Dewey Decimal Classification     Khmer-English Bilingual / ភាសាខ្មែរ-អង់គ្លេស Footprints International School Library Network Toul Tom Poung Campus Footprints International School Library Network Toul Tom Poung Campus TTP Primary Khmer Bookshelves 08/21/2023   GEY 371.91 2023-0299 08/21/2023 2 08/21/2023 Books